| 000 | 00705nam a2200229 a 4500 | ||
|---|---|---|---|
| 001 | BRCA_4156 | ||
| 005 | 20190320204551.0 | ||
| 008 | 050510s1968----gw-a######---#000-0#spa-# | ||
| 041 | _aspa | ||
| 044 | _agw | ||
| 050 | 4 |
_aAS911 _b.P74 1968 |
|
| 245 | 1 | 0 |
_aPremios Nobel Alemanes _cArmin Hermann ... [et al.]. |
| 260 |
_aMúnich, Alemania _bHainz Maas _cc1968 |
||
| 300 |
_a167 p. _bil., 3 láminas a color, 162 retratos _c24 cm. |
||
| 500 | _aIncluye índice de materias, índice onomástico y procedencia de fotografías | ||
| 500 | _aC187 | ||
| 650 | 1 | 4 |
_aPremios Nobel _910741 |
| 651 | 4 |
_aAlemania _vBiografía _910742 |
|
| 700 | 1 |
_aHermann, Armin _d1933- _910743 |
|
| 902 | _aGFM | ||
| 942 |
_2lcc _cB |
||
| 999 |
_c3872 _d3872 |
||